<?xml version="1.0" encoding="UTF-8"?>
<record
    xmlns:xsi="http://www.w3.org/2001/XMLSchema-instance"
    xsi:schemaLocation="http://www.loc.gov/MARC21/slim http://www.loc.gov/standards/marcxml/schema/MARC21slim.xsd"
    xmlns="http://www.loc.gov/MARC21/slim">

  <leader>00929cam a22002411a 4500</leader>
  <controlfield tag="001">ne 66000259 </controlfield>
  <controlfield tag="003">DLC</controlfield>
  <controlfield tag="005">20260227111820.0</controlfield>
  <controlfield tag="008">850116s1965    ua            001 0 arar </controlfield>
  <datafield tag="010" ind1=" " ind2=" ">
    <subfield code="a">ne 66000259 </subfield>
  </datafield>
  <datafield tag="035" ind1=" " ind2=" ">
    <subfield code="a">(OCoLC)11587797</subfield>
  </datafield>
  <datafield tag="040" ind1=" " ind2=" ">
    <subfield code="a">DLC</subfield>
    <subfield code="c">TxU-L</subfield>
    <subfield code="d">TxU-L</subfield>
    <subfield code="d">DLC</subfield>
  </datafield>
  <datafield tag="042" ind1=" " ind2=" ">
    <subfield code="a">premarc</subfield>
  </datafield>
  <datafield tag="050" ind1="0" ind2="0">
    <subfield code="a">KMJ2764</subfield>
    <subfield code="b">.A99 1965</subfield>
  </datafield>
  <datafield tag="100" ind1="1" ind2=" ">
    <subfield code="a">Ayy&#x16B;b&#x12B;, &#x2BB;Abd al-Ra&#x1E25;m&#x101;n N&#x16B;rj&#x101;n.</subfield>
  </datafield>
  <datafield tag="245" ind1="1" ind2="3">
    <subfield code="a">al-Qa&#x1E0D;&#x101;&#x2BC; al-id&#x101;r&#x12B; f&#x12B; al-&#x2BB;Ir&#x101;q :</subfield>
    <subfield code="b">&#x1E25;&#x101;diruhu wa mustaqbaluh,dir&#x101;sah muq&#x101;ranah, Le contentieuz administratif en Irak dans le pr&#x2B9;esent et l'avenir; &#x2B9;etude compar&#x2B9;ee /</subfield>
    <subfield code="c">&#x2BB;Abd al-Ra&#x1E25;m&#x101;n N&#x16B;rj&#x101;n al-&#x2BB;Ayy&#x16B;b&#x12B;.</subfield>
  </datafield>
  <datafield tag="260" ind1=" " ind2=" ">
    <subfield code="a">al-Q&#x101;hirah :</subfield>
    <subfield code="b">D&#x101;r wa Ma&#x1E6D;&#x101;bi&#x2BB; al-Sha&#x2BB;b,</subfield>
    <subfield code="c">1965.</subfield>
  </datafield>
  <datafield tag="300" ind1=" " ind2=" ">
    <subfield code="a">514, 4 p. :</subfield>
    <subfield code="b">port. ;</subfield>
    <subfield code="c">24 cm.</subfield>
  </datafield>
  <datafield tag="502" ind1=" " ind2=" ">
    <subfield code="a">Ris&#x101;lat al-Dukt&#x16B;r&#x101;h-J&#x101;mi&#x2BB;at al-Q&#x101;hirah.</subfield>
  </datafield>
  <datafield tag="500" ind1=" " ind2=" ">
    <subfield code="a">Includes index.</subfield>
  </datafield>
  <datafield tag="504" ind1=" " ind2=" ">
    <subfield code="a">Bibliography: p. 495-502.</subfield>
  </datafield>
  <datafield tag="650" ind1=" " ind2="0">
    <subfield code="a">Administrative procedure</subfield>
    <subfield code="z">Iraq.</subfield>
  </datafield>
  <datafield tag="999" ind1=" " ind2=" ">
    <subfield code="c">48674</subfield>
    <subfield code="d">48674</subfield>
  </datafield>
</record>
